Keeping clean / (Record no. 4357)

MARC details
000 -LEADER
fixed length control field 01539cam a2200409 a 4500
001 - CONTROL NUMBER
control field 4357
003 - CONTROL NUMBER IDENTIFIER
control field FISKH
005 - DATE AND TIME OF LATEST TRANSACTION
control field 20250812160653.0
008 - FIXED-LENGTH DATA ELEMENTS--GENERAL INFORMATION
fixed length control field 080612s2009 nyua j b 001 0 eng
010 ## - LIBRARY OF CONGRESS CONTROL NUMBER
LC control number 2008025346
016 ## - NATIONAL BIBLIOGRAPHIC AGENCY CONTROL NUMBER
Record control number 20089036468
020 ## - INTERNATIONAL STANDARD BOOK NUMBER
International Standard Book Number 9780778741121 (reinforced library binding : alk. paper)
020 ## - INTERNATIONAL STANDARD BOOK NUMBER
International Standard Book Number 0778741125 (reinforced library binding : alk. paper)
020 ## - INTERNATIONAL STANDARD BOOK NUMBER
International Standard Book Number 9780778741190 (pbk. : alk. paper)
020 ## - INTERNATIONAL STANDARD BOOK NUMBER
International Standard Book Number 0778741192 (pbk. : alk. paper)
035 ## - SYSTEM CONTROL NUMBER
System control number (OCoLC)232605652
035 ## - SYSTEM CONTROL NUMBER
System control number (OCoLC)ocn232605652
037 ## - SOURCE OF ACQUISITION
Stock number 1286260
Source of stock number/acquisition QBI
040 ## - CATALOGING SOURCE
Original cataloging agency DLC
Transcribing agency DLC
Modifying agency QBX
-- BAKER
-- DLC
Language of cataloging eng
050 ## - LIBRARY OF CONGRESS CALL NUMBER
Classification number RA780.G64
082 ## - DEWEY DECIMAL CLASSIFICATION NUMBER
Classification number 613.4
100 1# - MAIN ENTRY--PERSONAL NAME
Personal name Gogerly, Liz.
245 10 - TITLE STATEMENT
Title Keeping clean /
Statement of responsibility, etc. written by Liz Gogerly ; illustrated by Mike Gordon.
260 ## - PUBLICATION, DISTRIBUTION, ETC.
Place of publication, distribution, etc. New York :
Name of publisher, distributor, etc. Crabtree,
Date of publication, distribution, etc. 2008
300 ## - PHYSICAL DESCRIPTION
Extent 32 pages :
Other physical details color illustrations ;
Dimensions 22 cm
490 1# - SERIES STATEMENT
Series statement Looking after me
504 ## - BIBLIOGRAPHY, ETC. NOTE
Bibliography, etc. note Includes bibliographical references (p. 32) and index.
505 ## - FORMATTED CONTENTS NOTE
Formatted contents note M<br/>
520 ## - SUMMARY, ETC.
Summary, etc. Karim and Kurt are two little boys who hate bathing and keeping clean. This changes when they visit the zoo and see how animals groom themselves. They decide to pay more attention to their personal hygiene--but they still enjoy getting dirty!
521 8# - TARGET AUDIENCE NOTE
Target audience note 540<br/>
Source Lexile<br/>
521 8# - TARGET AUDIENCE NOTE
Target audience note M<br/>
Source Raz-Plus<br/>
650 #0 - SUBJECT ADDED ENTRY--TOPICAL TERM
Topical term or geographic name entry element Hygiene
Form subdivision Juvenile literature.
700 1# - ADDED ENTRY--PERSONAL NAME
Personal name Gordon, Mike,
Dates associated with a name 1948 March 16-
Relator term illustrator
906 ## - LOCAL DATA ELEMENT F, LDF (RLIN)
a 7
b cbc
c orignew
d 1
e ecip
f 20
g y-gencatlg
942 ## - ADDED ENTRY ELEMENTS (KOHA)
Source of classification or shelving scheme Dewey Decimal Classification
Koha item type Books
Suppress in OPAC No
Holdings
Withdrawn status Lost status Source of classification or shelving scheme Damaged status Not for loan Collection Home library Current library Shelving location Date acquired Total Checkouts Full call number Barcode Date last seen Date last checked out Price effective from Koha item type Copy number
    Dewey Decimal Classification     Non-Fiction Footprints International School Library Network Toul Kork Campus Footprints International School Library Network Toul Kork Campus TK Primary Library Room(4th Floor), Bookcase 3&4, Shelves 17-32, Yellow Books 08/01/2024 1 GOG 613.4 RA780.G64 FISTK01809 12/03/2024 08/23/2024 08/01/2024 Books  
    Dewey Decimal Classification     Non-Fiction Footprints International School Library Network Toul Tom Poung Campus Footprints International School Library Network Toul Tom Poung Campus TTP Primary Yellow Bookshelves 08/12/2025   GOG 613.4 RA780.G64 FIS03661 08/12/2025   08/12/2025 Books 2